000 00834nam a2200229Ii 4500
003 JO-AjNU
008 230605s9999||||xx |||||||||||||| ||und||
017 _a2014/7/3317
020 _a978-9957-59-309-4
040 _aJO-AjNU
_bara
_erda
_cJO-AjNU
041 _aara
050 1 4 _aS616.I7.H3422.2016
100 3 _aالحفيظ، عماد محمد ذياب,
_eauthor
_964479
245 0 0 _aتطور تقنيات العلوم الزراعية في التراث العربي الإسلامي
250 _aط1
264 3 1 _aعمان: الدار المنهجية للنشر والتوزيع، 2016
300 _a272ص
336 _atext
_btxt
_2rdacontent
337 _aunmediated
_bn
_2rdamedia
338 _avolume
_bnc
_2rdacarrier
650 4 _aالزراعة-الانتاج الحيواني-الانتاج النباتي
_964480
999 _aA29536
_c33104
_d33104